000 00458nam a2200181Ia 4500
001 19178
005 20260306171725.0
008 260306s9999||||xx |||||||||||||| ||und||
041 _aESP
082 _a658.8
_bS24
100 _aSánchez Yabar, Guido [1962-...]
_eAUT
245 0 _aCómo aplicar el marketing y administrar una PYME
260 _c2000
300 _a64 páginas :
_c21 cm.
650 _aGEN
654 _aCAN
942 _cLIB
_dJUS
_fJUS
_2ddc
_n
999 _c19178
_d19178